Catálogo
 En Linea

Construyamos un mejor país : (Registro nro. 31031)

Detalles MARC
000 -CABECERA
campo de control de longitud fija 00466nam a2200145 a 4500
001 - NÚMERO DE CONTROL
campo de control 000031539
005 - FECHA Y HORA DE LA ÚLTIMA TRANSACCIÓN
campo de control 20200930063012.0
008 - DATOS DE LONGITUD FIJA--INFORMACIÓN GENERAL
campo de control de longitud fija 110627s2010 dr a 000 0 spa d
040 ## - FUENTE DE LA CATALOGACIÓN
Centro catalogador/agencia de origen DO-SdBNP
Lengua de catalogación spa
Centro/agencia transcriptor BNPHU
049 ## - FONDOS LOCALES (OCLC)
Fondos de biblioteca BNPD
110 1# - ENTRADA PRINCIPAL--NOMBRE DE ENTIDAD CORPORATIVA
Nombre de entidad corporativa o nombre de jurisdicción como elemento de entrada Dirección General de Impuestos Internos
9 (RLIN) 57904
245 10 - MENCIÓN DE TÍTULO
Título Construyamos un mejor país :
Resto del título cartilla para nivel universitario.
260 ## - PUBLICACIÓN, DISTRIBUCIÓN, ETC.
Lugar de publicación, distribución, etc. Santo Domingo :
Nombre del editor, distribuidor, etc. Ediciones Tributaria,
Fecha de publicación, distribución, etc. 2010.
300 ## - DESCRIPCIÓN FÍSICA
Extensión 11 p. ; :
Otras características físicas il. ;
Dimensiones 18 cm.
Existencias
Estado de retiro Estado de pérdida Restricciones de uso No para préstamo Código de colección Localización permanente Ubicación/localización actual Ubicación en estantería Fecha de adquisición Número de inventario Total de préstamos Signatura topográfica completa Código de barras Fecha visto por última vez Número de copia Precio válido a partir de Tipo de ítem Koha
        Dominicana de Servicio General General En catalogación 27.06.2011 LF1   31539-30 25.06.2020 e. 3 25.06.2020 Libro y Folleto Colección Dominicana de Servicio
      Excluido de préstamo Patrimonio Dominicano Patrimonio Dominicano Patrimonio Dominicano En catalogación 27.06.2011 LF1   31539-10 25.06.2020 e. 2 25.06.2020 Libro y Folleto Colección Patrimonio Dominicano
      Excluido de préstamo Patrimonio Dominicano Patrimonio Dominicano Patrimonio Dominicano En catalogación 27.06.2011 LF1   31539-20 25.06.2020   25.06.2020 Libro y Folleto Colección Patrimonio Dominicano

Con tecnología Koha